| 000 | 00643nam a2200181 a 4500 | ||
|---|---|---|---|
| 001 | 1963 | ||
| 003 | CDMR | ||
| 005 | 20130318103238.0 | ||
| 008 | 130130s1993||||||||||||||||||||||||||||d | ||
| 020 | _a8460454576 | ||
| 040 |
_aCDMR _bcat _cCPC GIRONA |
||
| 100 | 1 |
_aSaura, Víctor _9275 |
|
| 245 | 1 | 3 |
_aLa crisi d'identitat del Brusi _b: 1972-1992 : vint anys d'història d'un Diari de Barcelona a la recerca del lector fidel perdut _cVíctor Saura, Joan Carles Clarós, Xavier Vilà |
| 260 |
_bDiputació de Barcelona _a[Barcelona] |
||
| 260 |
_c1993 _bCol·legi de Periodistes de Catalunya |
||
| 490 | 0 |
_aVaixells de Paper _v13 |
|
| 942 |
_cMON _2udc |
||
| 999 |
_c1963 _d1963 |
||